书目信息 |
| 题名: |
历史与社会课程标准
|
|
| 作者: | ;中华人民共和国教育部 制订 | |
| 分册: | 二 | |
| 出版信息: | 北京 北京师范大学出版社 2001 |
|
| 页数: | 48页 | |
| 开本: | 23cm | |
| 丛书名: | ||
| 单 册: | ||
| 中图分类: | G633.22 | |
| 科图分类: | ||
| 主题词: | 社会发展史--课程标准--中小学 , 社会发展史 , 课程标准 | |
| 电子资源: | ||
| ISBN: | 7-303-05880-X | |
| 000 | 00749nam0 2200241 450 | |
| 001 | 1534339538 | |
| 005 | 20150203093242.00 | |
| 010 | @a7-303-05880-X@dCNY4.60 | |
| 100 | @a20011226d2001 em y0chiy0110 ea | |
| 101 | 0 | @achi |
| 102 | @aCN@b110000 | |
| 105 | @aak l 000yy | |
| 200 | 1 | @a历史与社会课程标准@9li shi yu she hui ke cheng biao zhun@h二@e实验稿@f中华人民共和国教育部制订 |
| 210 | @a北京@c北京师范大学出版社@d2001 | |
| 215 | @a48页@c图@d23cm | |
| 300 | @a全日制义务教育 | |
| 606 | 0 | @a社会发展史@x课程标准@x中小学 |
| 606 | 0 | @a社会发展史 |
| 606 | 0 | @a课程标准 |
| 690 | @aG633.22@v5 | |
| 711 | 02 | @a中华人民共和国教育部@9zhong hua ren min gong he guo jiao yu bu@4制订 |
| 801 | 0 | @aCN@bTSSF@c20150203 |
| 905 | @aZUCC@dG633.22@eJY1:2 | |
| 历史与社会课程标准.二:实验稿/中华人民共和国教育部制订.-北京:北京师范大学出版社,2001 |
| 48页:图;23cm |
| 全日制义务教育 |
| ISBN 7-303-05880-X:CNY4.60 |
| ● |
| 相关链接 |
|
|
|
|
正题名:历史与社会课程标准
索取号:G633.22/JY1:2
 
预约/预借
| 序号 | 登录号 | 条形码 | 馆藏地/架位号 | 状态 | 备注 |
| 1 | 7865628 | 278656287 | 学院路分馆/ [索取号:G633.22/JY1:2] | 在馆 |